000 00710nam a2200265Ia 4500
005 20260121170631.0
008 008 260114s9999 xx 000 0 eng d
020 _a9783319730998
037 _aEBOOK
040 _aCRL
040 _beng
040 _cCRL
041 _2eng
041 _aeng
084 _qCRL
100 _aClaus-Christian W. Szejnmann, Paula Cowan, James Griffiths
_91066280
245 0 _aHolocaust Education in Primary Schools in the Twenty-First Century
260 _bSpringer
260 _bSpringer
260 _c2018
856 _uhttps://link.springer.com/openurl?genre=book&isbn=978-3-319-73099-8
942 _cEBOOK
999 _c1632010
_d1632010